| LEADER | 01110nam a2200253 a 4500 | ||
|---|---|---|---|
| 001 | GR-MES359 | ||
| 008 | 991111s gr 000 b eng d | ||
| 020 | |a 0849359856 | ||
| 040 | |a GrPaTEI |b gre |c GR-PaULI | ||
| 245 | 0 | 0 | |a Seafood : |b resources, nutritional composition, and preservation. |
| 260 | |a Florida : |b CRC, |c c1990 | ||
| 300 | |a 248σελ. : |b εικ.,πιν. | ||
| 500 | |a Περιλαμβάνει βιβλιογραφικές αναφορές | ||
| 650 | 0 | |a AΛΙΕΙΑ | |
| 650 | 4 | |a ΘΑΛΑΣΣΙΝΑ | |
| 650 | 4 | |a Προιοντα | |
| 650 | 4 | |a ΣΥΝΤΗΡΗΣΗ | |
| 700 | 1 | |a Sikorski, Zdzislaw | |
| 710 | 0 | |a CRC | |
| 942 | |2 ddc | ||
| 952 | |0 0 |1 0 |2 ddc |4 0 |6 664_940000000000000_SIK |7 0 |9 263575 |a MSLG |b MSLG |c BSC |d 2021-01-17 |e 24 |f 0 |g 0.00 |l 0 |o 664.94 SIK |p 2420000003761 |r 2021-01-17 00:00:00 |t 1 |w 2021-01-17 |y BK15 |x 19991111 0 1 |x GrPaTEI | ||
| 952 | |0 0 |1 0 |2 ddc |4 0 |6 664_940000000000000_SIK |7 0 |9 263576 |a MSLG |b MSLG |c BSC |d 2021-01-17 |e 24 |f 0 |g 0.00 |l 0 |o 664.94 SIK |p 2420000012250 |r 2021-01-17 00:00:00 |t 1 |w 2021-01-17 |y BK15 |x 19991111 0 1 |x GrPaTEI | ||
| 971 | |a .b25714004 |b 15-04-20 |c 13-09-16 | ||
| 999 | |c 151741 |d 151741 | ||